One Piece Characters by Last Words - Statistics

General Stats
  • This quiz has been taken 370 times
    360 since last reset
  • The average score is 14 of 32
Answer Stats
Last words Character % Correct
"You want my treasure? You can have it! I left everything I gathered together in one place. Now you just have to find it." Gol D. Roger
100%
"THE ONE PIECE... THE ONE PIECE IS REAL!!!" Whitebeard
84%
"Thank you for caring about someone like me... This good-for-nothing this world never wanted, who has such bad blood in his veins... Thank you for loving me!" Portgas D. Ace
81%
"Nojiko! Nami! I love you." Bellemere
70%
"If it's a girl, call her 'Anne'. And if it's a boy... 'Ace'. That's the name he chose for this child. Gol D. Ace, the name of our child!" Portgas D. Rouge
66%
"There's nothing he [Law] could possibly learn from you, the poster child of absolute destruction. Just leave him be already, he's free!" Donquixote Rocinante
65%
"Build your strength while you can. For I am a story to accompany your drinks.I am _____! And I was born..." Kozuki Oden
63%
"LIVE, ROBIN!!!" Nico Olvia
59%
"I've had a marvelous life! Thank you, Chopper!" Dr. Hiriluk
57%
"If you should see Bonney, would you pass on a message for me...? Tell her I wish her a very happy tenth birthday." Bartholomew Kuma
55%
"Are you still alive? Kalgara... I fear the worst for you." Montblanc Noland
48%
"Straw Hat!! What kind of world do you wish to make?!" Kaido
43%
"Great Imu!! I... mu...!! Mercy! Please!! I did not know those powers were so nebulous!! AAAAAAHH!!! Great I..." St. Jaygarcia Saturn
43%
"The curse of the Kurozumi Clan... will curse this country onto its last generation!" Kurozumi Orochi
41%
"You'd better not think... not think... that this would kill me!" Big Mom
38%
"Just survive... Kiku..." Izo
38%
"You are the moon unaware of the dawn. May your purpose be fulfilled, and cast nine shadows on the night woven of 20 years, and you shall know the brilliance of the dawn." Kozuki Toki
36%
"I shall perform... my final dance... the glorious death of the Kurozumi Clan... Kazenbo!" Kurozumi Kanjuro
35%
"I'm counting on you, Sabo!" Nefertari Cobra
34%
"Ouch, ouch!! Stop it! I said it's fine! Leave me be, Sanji!" Dr. Vegapunk
31%
"Tell him, Smoker. All you squirts got is energy, but this world is much—" Vergo
31%
"Nay, the friendly oddball of Ebisu Town, shall make the final grand journey! In fact, I'll go singing! And a-one, and a-two!" Shimotsuki Yasuie
29%
"Your mockery of Kozuki Oden ends here!!" Ashura Doji
28%
"And Kumachi... just remember!! I'll always... love you." Ginny
26%
"Doflamingo... Rocinante... I am sorry you had me as a father." Donquixote Homing
25%
"Just a little bit more, until this country can be beneath the real sun..." Otohime
25%
"Young Master..." Monet
23%
"Ah, why? Just leaving the accompaniment." Brook
22%
"This should be sufficient to undo all of your magic... So long!" Pedro
21%
"From here on out... no matter what happens to my body... I was able to help this town... My dream... has finally started to run." Tom
19%
"I'm happy to hear that..." Fisher Tiger
16%
"But I was happy. You always treated me well. Thank you. I... was always so happy! All because of you!" Going Merry
13%
No matching quizzes found
Score Distribution
Percent of People with Each Score
Percentile by Number Answered
Your Score History
You have not taken this quiz since the last reset